[Event "St Mandrier IDF-ch"]
[Site "St Mandrier"]
[Date "2012.04.03"]
[Round "2"]
[White "Bastin, Eugene"]
[Black "Foissey, Simone"]
[Result "1-0"]
[WhiteElo "1442"]
[BlackElo "1499"]
[PlyCount "55"]
[EventDate "2012.04.03"]
[EventType "swiss"]
[EventRounds "6"]
[EventCountry "FRA"]
[SourceTitle "EXT 2014"]
[Source "ChessBase"]
[SourceDate "2013.11.20"]
[SourceVersion "1"]
[SourceVersionDate "2013.11.20"]
[SourceQuality "1"]

1. c4 e6 2. d4 Nf6 3. Nc3 Bd6 4. e4 0-0 5. e5 Be7 6. exf6 Bxf6 7. Nf3 Nc6 8. h4 Re8 9. Be2 a5 10. a3 b6 11. Bg5 Nxd4 12. Bxf6 Qxf6 13. Nxd4 d5 14. Ncb5 Re7 15. Rc1 e5 16. Nc6 Qxc6 17. cxd5 Qg6 18. g3 e4 19. Rxc7 Bd7 20. d6 Re6 21. Rxd7 e3 22. 0-0 Re4 23. Bd3 f5 24. Bxe4 fxe4 25. Qd5+ Kf8 26. Qxa8+ Qe8 27. fxe3+ Kg8 28. Qxe8# 1-0